000 00642nam a2200253Ia 4500
003 OSt
005 20220912151459.0
006 a|||||r|||| 00| 0
007 ta
008 220909b |||||||| |||| 00| 0 eng d
024 _a49758
037 _cTextual
040 _aCSL
_beng
_cCSL
041 _aeng
082 _aI:33E9G, M0.14
100 _aPreiss J
245 0 _aBiochemistry of plants
260 _aNew York
_b Academic Press
_c1980
300 _a529p.
_ccm.
650 _a Plant metabolism chemistry
650 _aBotany
942 _hI:33E9G, M0.14
_cTEXL
_2CC
999 _c69553
_d69553